000 00579nam a22001697a 4500
005 20250922121042.0
100 _aDas, M.
245 _aLiquid Rubber, A Cross-linkable Plasticizer
260 _bInternational Rubber Conference-rubber Con 2024: Sustainable Development In Rubber Industry-challenges And Opportunities, 5-7 December 2024, Indian Rubber Institute, Kochi, India, P. 43.
_c2024
300 _bAbstract only
650 _aLiquid Rubber
650 _aCross-linkable plasticizer
650 _aTire
650 _aPolyisoprene
650 _aPolybutadiene
942 _cJS
999 _c75602
_d75602